Ancient Sanskrit wisdom / (Record no. 154170)

MARC details
000 -LEADER
fixed length control field 01010cam a2200313 a 4500
001 - CONTROL NUMBER
control field 13972443
003 - CONTROL NUMBER IDENTIFIER
control field 0
005 - DATE AND TIME OF LATEST TRANSACTION
control field 20180717135136.0
008 - FIXED-LENGTH DATA ELEMENTS--GENERAL INFORMATION
fixed length control field 050518s2005 ii a b 001 0 eng
010 ## - LIBRARY OF CONGRESS CONTROL NUMBER
LC control number B-121608
020 ## - INTERNATIONAL STANDARD BOOK NUMBER
International Standard Book Number 8176296287 (set)
Terms of availability 2000.00 per set
020 ## - INTERNATIONAL STANDARD BOOK NUMBER
International Standard Book Number 8176296260 (v. 1)
020 ## - INTERNATIONAL STANDARD BOOK NUMBER
International Standard Book Number 8176296279 (v. 2)
037 ## - SOURCE OF ACQUISITION
Terms of availability 2000.00 per set
040 ## - CATALOGING SOURCE
Original cataloging agency DPL
Transcribing agency 0
041 0# - LANGUAGE CODE
Language code of text/sound track or separate title eng
-- san
082 ## - DEWEY DECIMAL CLASSIFICATION NUMBER
Classification number 810.8
Item number GOE
100 1# - MAIN ENTRY--PERSONAL NAME
Personal name Goel, Aruna.
245 10 - TITLE STATEMENT
Title Ancient Sanskrit wisdom /
Statement of responsibility, etc by Aruna Goel.
260 ## - PUBLICATION, DISTRIBUTION, ETC. (IMPRINT)
Place of publication, distribution, etc New Delhi :
Name of publisher, distributor, etc Deep & Deep Publications,
Date of publication, distribution, etc c2005.
300 ## - PHYSICAL DESCRIPTION
Extent 2 v. :
Other physical details V.2 x, 342p.
Dimensions 25 cm.
504 ## - BIBLIOGRAPHY, ETC. NOTE
Bibliography, etc Includes bibliographical references and indexes.
505 0# - FORMATTED CONTENTS NOTE
Formatted contents note 1. Modern science and beyond -- 2. Current problems and solutions.
546 ## - LANGUAGE NOTE
Language note Includes passages in Sanskrit.
650 #0 - SUBJECT ADDED ENTRY--TOPICAL TERM
Topical term or geographic name as entry element Vedic literature
General subdivision History and criticism.
650 #0 - SUBJECT ADDED ENTRY--TOPICAL TERM
Topical term or geographic name as entry element Philosophy and science
Geographic subdivision India.
650 #0 - SUBJECT ADDED ENTRY--TOPICAL TERM
Topical term or geographic name as entry element Philosophy, Indic.
942 ## - ADDED ENTRY ELEMENTS (KOHA)
Source of classification or shelving scheme Dewey Decimal Classification
Koha item type English Books
Classification part 810.8
Call number suffix GOE
Holdings
Withdrawn status Lost status Source of classification or shelving scheme Damaged status Not for loan Collection code Home library Current library Date acquired Source of acquisition Cost, normal purchase price Total Checkouts Full call number Barcode Date last seen Date checked out Cost, replacement price Price effective from Koha item type
    Dewey Decimal Classification     Non-fiction Patel Nagar Patel Nagar 17/07/2018 BPPD/PUB 2.00 1 810.8 GOE B-121608 17/10/2022 14/09/2022 2.00 17/07/2018 English Books

© Delhi Public Library
Hit Counter
free hit counter